| 000 | 006360000a22001810004500 | ||
|---|---|---|---|
| 003 | MACL | ||
| 005 | 20160221135347.0 | ||
| 008 | 160221b xxu||||| |||| 00| 0 eng d | ||
| 040 |
_aMACL _cMACL |
||
| 041 | _aHindi | ||
| 082 | _a350 | ||
| 100 |
_aडॉ अवध प्रसाद _939474 |
||
| 245 | _aलोक अदालत संगठन एवं कार्य पद्धति का अध्ययन | ||
| 260 |
_bस्टलिंग पब्लिशर्स प्रा लि _c1978 _aनई दिल्ली |
||
| 350 | _a50 | ||
| 650 |
_aPublic Administration _939475 |
||
| 942 |
_cHIN _k350 _2ddc |
||
| 999 |
_c27130 _d27130 |
||